[Event "AUTO-MASTER-128"]
[Site "http://www.queenalice.com/game.php?id=93833"]
[Date "2006.8.8"]
[Round "2"]
[White "Cesar"]
[Black "TLT"]
[Result "0-1"]
[WhiteElo "1738"]
[BlackElo "2036"]

1. e4 c5 2. Bc4 Nc6 3. Nf3 d6 4. Nc3 Nf6 5. d3 a6 6. O-O Bg4 7. h3 Bh5 8. Bf4 e6
9. g4 Bg6 10. Nh2 b5 11. Bb3 Be7 12. h4 h6 13. h5 Bh7 14. f3 Nd4 15. a3 Nxb3 16.
cxb3 g6 17. Bxh6 Bf8 18. Bg5 Bg7 19. f4 gxh5 20. gxh5 Rg8 21. Kh1 b4 22. axb4
cxb4 23. Ne2 Qb6 24. h6 Bh8 25. Rg1 Nxe4 26. dxe4 Bxe4+ 27. Nf3 Bxf3+ 28. Kh2
Qf2+ 29. Kh3 Bxe2 30. Qxd6 Qa7 31. Rae1 Qd7 32. Qxd7+ Kxd7 33. Rxe2 f6 34. Rd2+
Ke7 35. h7 Rg7 36. Bxf6+ Kxf6 37. Rxg7 Bxg7 38. Rd6 Kf5 39. Rd7 Bxb2 40. Rf7+
Kg6 41. Re7 Kf6 42. Rb7 Bc3 43. Kg4 Kg6 44. Re7 a5 45. Rxe6+ Kxh7 46. f5 Kg7 47.
Kg5 Bd2+ 48. Kg4 Kf7 49. Kf3 Rc8 50. Ra6 Rc5 51. Ke4 Bg5 52. Rb6 Rc3 53. Ra6 Bd8
54. Ke5 Rxb3 55. Ra7+ Ke8 56. Ke6 Re3+ 57. Kd6 b3 58. f6 Bxf6 59. Rxa5 b2 60.
Rb5 Re1 61. Rb8+ Kf7 62. Rb7+ Kg6 63. Kd5 b1=Q 0-1

[Event "AUTO-MASTER-128"]
[Site "http://www.queenalice.com/game.php?id=93834"]
[Date "2006.8.8"]
[Round "2"]
[White "TLT"]
[Black "Cesar"]
[Result "1-0"]
[WhiteElo "1962"]
[BlackElo "1683"]

1. e4 g6 2. d4 Bg7 3. Nf3 c6 4. c4 d6 5. Nc3 b6 6. Be3 c5 7. Be2 Nc6 8. O-O Bd7
9. Rc1 Bg4 10. Qa4 Qd7 11. dxc5 bxc5 12. Rfd1 Nf6 13. Bxc5 O-O 14. e5 Bxf3 15.
Bxf3 Nxe5 16. Bxa8 Rxa8 17. Qxd7 Nexd7 18. Bd4 e5 19. Be3 Bf8 20. Nb5 a6 21.
Nxd6 Bxd6 22. Rxd6 a5 23. Rcd1 Rc8 24. c5 Ne4 25. Rxd7 Nxc5 26. Bxc5 Rxc5 27. g3
Rc2 28. R1d2 Rc1+ 29. Kg2 e4 30. Re7 Ra1 31. Rdd7 Rxa2 32. Rxf7 Rxb2 33. Rg7+
Kf8 34. Rxh7 e3 35. Rh8# 1-0

[Event "AUTO-OPEN-225"]
[Site "http://www.queenalice.com/game.php?id=96490"]
[Date "2006.8.16"]
[Round "2"]
[White "Soncini"]
[Black "TLT"]
[Result "0-1"]
[WhiteElo "1987"]
[BlackElo "1967"]

1. d4 Nf6 2. c4 e6 3. Nf3 b6 4. Bf4 Bb7 5. Nc3 Bb4 6. a3 Bxc3+ 7. bxc3 O-O 8. e3
Ne4 9. Qc2 f5 10. Bd3 d6 11. Nd2 Nxd2 12. Qxd2 Bxg2 13. Rg1 Bf3 14. d5 e5 15.
Bh6 Rf7 16. Be2 Bxe2 17. Qxe2 Nd7 18. Qh5 e4 19. Qg5 Qxg5 20. Bxg5 Ne5 21. Ke2
Nxc4 22. h4 a5 23. a4 Re8 24. Bf4 Nb2 25. f3 Nd3 26. Bg3 Nc5 27. h5 exf3+ 28.
Kxf3 Ne4 29. Bf4 Nxc3 30. Ra3 Nxd5 31. Rc1 Re4 32. Rc6 g6 33. hxg6 hxg6 34. Rc1
Kg7 35. Bg5 Rg4 36. Bf4 g5 37. Bh2 Re7 38. Rg1 Rxg1 39. Bxg1 g4+ 40. Kg3 Kg6 41.
Rd3 Nb4 42. Rc3 Kg5 43. Kf2 Nd5 44. Rd3 Nf6 45. Bh2 Nh5 46. Rc3 g3+ 47. Bxg3
Nxg3 48. Kxg3 Rxe3+ 49. Rxe3 f4+ 0-1

[Event "AUTO-OPEN-225"]
[Site "http://www.queenalice.com/game.php?id=96491"]
[Date "2006.8.16"]
[Round "2"]
[White "TLT"]
[Black "Soncini"]
[Result "1/2-1/2"]
[WhiteElo "2003"]
[BlackElo "1970"]

1. e4 e6 2. d3 d5 3. Nd2 Nc6 4. Ngf3 e5 5. Qe2 d4 6. g3 Be6 7. Bg2 Be7 8. O-O f6
9. c3 Nh6 10. Nb3 Nf7 11. cxd4 exd4 12. Bf4 g5 13. Bd2 a5 14. Rac1 Bxb3 15. axb3
Bb4 16. Rfe1 Bxd2 17. Nxd2 Qe7 18. e5 Nfxe5 19. f4 gxf4 20. gxf4 O-O-O 21. Bxc6
Nxc6 22. Qxe7 Nxe7 23. Rxe7 Rd7 24. Rxd7 Kxd7 25. Nf3 c6 26. Nxd4 Kd6 27. Kf2
Kd5 28. Nf5 Ra8 29. Rg1 a4 30. b4 a3 31. bxa3 Rxa3 32. Rg7 Rxd3 33. Rxb7 Ke4 34.
Ng3+ Kxf4 35. Ne2+ Kg5 36. Rxh7 Rb3 37. h4+ Kg4 38. h5 Rxb4 39. h6 Kg5 40. Rh8
c5 41. h7 Kg6 42. Rc8 Kxh7 43. Rxc5 Kg6 44. Rd5 Rb2 45. Kf3 Rb3+ 46. Kg4 Rb4+
47. Nf4+ Kh6 48. Kf5 Kg7 49. Rd7+ Kh6 50. Rd8 Rb5+ 51. Kxf6 Rb6+ 52. Ne6 Kh5 53.
Rd4 Ra6 54. Re4 Rb6 55. Rc4 1/2-1/2

[Event "QA-ANNIV-02"]
[Site "http://www.queenalice.com/game.php?id=106445"]
[Date "2006.9.15"]
[Round "3"]
[White "TLT"]
[Black "RIVAS"]
[Result "0-1"]
[WhiteElo "1978"]
[BlackElo "2009"]

1. e4 c5 2. Nf3 Nc6 3. d4 cxd4 4. Nxd4 Nf6 5. Nc3 e5 6. Nf5 d5 7. exd5 Bxf5 8.
dxc6 Qxd1+ 9. Nxd1 bxc6 10. Ne3 Be6 11. Ba6 Rb8 12. Ke2 Be7 13. Rd1 O-O 14. Nc4
e4 15. h3 Rfd8 16. Rxd8+ Rxd8 17. Be3 h6 18. Rd1 Rxd1 19. Kxd1 c5 20. Ne5 Bd5
21. b3 Ne8 0-1

[Event "AUTO-OPEN-226"]
[Site "http://www.queenalice.com/game.php?id=123020"]
[Date "2006.10.29"]
[Round "3"]
[White "TLT"]
[Black "deep"]
[Result "1-0"]
[WhiteElo "2006"]
[BlackElo "1994"]

1. e4 e5 2. Nf3 Nc6 3. Bb5 Nf6 4. O-O Bc5 5. c3 d6 6. d4 Nxe4 7. dxc5 Nxc5 8.
Nbd2 Bd7 9. Nb3 Ne4 10. Re1 Nf6 11. Bg5 h6 12. Bxf6 Qxf6 13. Bxc6 Bxc6 14. Nbd4
Bd7 15. Qb3 O-O 16. Nb5 Rfc8 17. Rad1 Bg4 18. c4 a6 19. Na3 b6 20. h3 Bh5 21.
Nb1 a5 22. Nbd2 Re8 23. Ne4 Qe6 24. Ng3 a4 25. Qc3 Bxf3 26. Qxf3 Qxc4 27. Rc1
Qxa2 28. Rxc7 Qxb2 29. Qxf7+ 1-0

[Event "AUTO-OPEN-226"]
[Site "http://www.queenalice.com/game.php?id=123021"]
[Date "2006.10.29"]
[Round "3"]
[White "deep"]
[Black "TLT"]
[Result "0-1"]
[WhiteElo "1978"]
[BlackElo "2022"]

1. e4 c5 2. Nf3 d6 3. d4 cxd4 4. Nxd4 Nf6 5. Nc3 a6 6. Be3 e6 7. f3 b5 8. Qd2
Bb7 9. g4 Nfd7 10. O-O-O Nb6 11. Qf2 N8d7 12. Bd3 Rc8 13. Rhg1 Be7 14. g5 Rxc3
15. bxc3 Na4 16. Bd2 Qc7 17. Qe1 Ne5 18. Rg3 O-O 19. h4 d5 20. Nb3 b4 21. f4
Nxd3+ 22. Rxd3 dxe4 23. Rd4 Rc8 24. Kb1 Bd5 25. c4 Bxc4 26. Qxe4 Bd5 27. Qd3 a5
28. Rc1 Nc5 29. Qe2 a4 30. Bxb4 Rb8 31. Qe3 Qa7 32. Bc3 axb3 33. cxb3 Qa8 34.
Qe5 Be4+ 35. Kb2 Bf8 36. Rcd1 Nxb3 37. Rxe4 Nd4+ 38. Kc1 Qxa2 0-1

[Event "AUTO-OPEN-254"]
[Site "http://www.queenalice.com/game.php?id=125989"]
[Date "2006.11.6"]
[Round "2"]
[White "davidreb"]
[Black "TLT"]
[Result "0-1"]
[WhiteElo "1810"]
[BlackElo "2048"]

1. e4 c6 2. c4 d5 3. d4 dxe4 4. Nc3 Nf6 5. Be2 Na6 6. Be3 e6 7. a3 Be7 8. Qc2
O-O 9. Nxe4 b6 10. Nxf6+ Bxf6 11. Qe4 Bb7 12. Qg4 c5 13. Rd1 Qc7 14. Nf3 Rad8
15. O-O Bxf3 16. Bxf3 cxd4 17. Bxd4 Bxd4 18. Rxd4 Rxd4 19. Qxd4 Rd8 20. Qc3 Qd6
21. b4 h6 22. Be2 Qd2 23. Qf3 Qc2 24. h3 Nc7 25. Re1 Ne8 26. Qb7 Qc3 27. Kf1
Qxa3 28. Qe7 Rb8 29. Bh5 g6 30. Bg4 Qc3 31. Rxe6 Qxc4+ 32. Kg1 Ng7 33. Qxa7 Qc1+
34. Kh2 Qf4+ 0-1

[Event "AUTO-OPEN-254"]
[Site "http://www.queenalice.com/game.php?id=125990"]
[Date "2006.11.6"]
[Round "2"]
[White "TLT"]
[Black "davidreb"]
[Result "1-0"]
[WhiteElo "2040"]
[BlackElo "1850"]

1. e4 e5 2. Nc3 Bc5 3. Bc4 Qf6 4. Nf3 Qg6 5. O-O Nc6 6. Nd5 Bd6 7. c3 Nge7 8. d4
Nxd5 9. exd5 e4 10. Re1 Be7 11. dxc6 dxc6 12. Bxf7+ Qxf7 13. Rxe4 h6 14. Ne5 Qf5
15. Rf4 Qe6 16. Qh5+ Kd8 17. Bd2 Rf8 18. Nf7+ Rxf7 19. Qxf7 Qxf7 20. Rxf7 Be6
21. Rxg7 Kd7 22. Re1 Re8 23. Bxh6 Rg8 24. Rxg8 Bxg8 25. b3 Ba3 26. Bc1 Bd6 27.
f4 Be6 28. Kf2 1-0

[Event "AUTO-OPEN-254"]
[Site "http://www.queenalice.com/game.php?id=126001"]
[Date "2006.11.6"]
[Round "2"]
[White "TLT"]
[Black "claudiocaire"]
[Result "1-0"]
[WhiteElo "2002"]
[BlackElo "1421"]

1. e4 c6 2. d4 d5 3. Nc3 dxe4 4. f3 exf3 5. Nxf3 Qb6 6. Bc4 Nf6 7. O-O Ng4 8.
Bxf7+ Kxf7 9. Ne5+ Kg8 10. Nxg4 Bxg4 11. Qxg4 h5 12. Qe6+ Kh7 13. Qf5+ g6 14.
Qf7+ Bg7 15. Qxe7 Qxd4+ 16. Be3 Qd7 17. Qg5 Bh6 18. Qxh6+ Kg8 19. Rf8# 1-0

[Event "AUTO-OPEN-254"]
[Site "http://www.queenalice.com/game.php?id=126002"]
[Date "2006.11.6"]
[Round "2"]
[White "claudiocaire"]
[Black "TLT"]
[Result "0-1"]
[WhiteElo "1393"]
[BlackElo "2004"]

1. e4 c5 2. Qf3 Nc6 3. Nh3 e6 4. d3 Be7 5. g4 Nd4 6. Qd1 d5 7. e5 b5 8. c3 Nc6
9. Bg2 Bb7 10. O-O Nxe5 11. d4 Nc4 12. dxc5 Bxc5 13. Qf3 Nf6 14. g5 Ne4 15. Be3
Bxe3 16. fxe3 O-O 17. Na3 Nxa3 18. bxa3 Nd2 19. Qe2 Nxf1 20. Kxf1 a5 21. Qxb5
Ba6 22. Qxa6 Rxa6 23. Ke2 Qc7 24. Rc1 Qc4+ 25. Kd2 Rb6 26. Rc2 Rfb8 27. Nf4 Rb2
28. Rxb2 Rxb2+ 29. Kc1 Qxc3+ 30. Kd1 Qd2# 0-1

[Event "AUTO-OPEN-225"]
[Site "http://www.queenalice.com/game.php?id=126551"]
[Date "2006.11.7"]
[Round "3"]
[White "tonyalme"]
[Black "TLT"]
[Result "0-1"]
[WhiteElo "2284"]
[BlackElo "2054"]

1. Nf3 c5 2. g3 d5 3. Bg2 Nc6 4. O-O e5 5. c4 Nf6 6. cxd5 Nxd5 7. Nc3 Be6 8. d3
Be7 9. Ng5 Bxg5 10. Bxd5 Bxd5 11. Bxg5 Qxg5 12. Nxd5 O-O 13. Rc1 b6 14. e4 Rad8
15. Kh1 f5 16. f4 exf4 17. Rxf4 Nd4 18. b4 Ne6 19. Rxf5 Rxf5 20. exf5 Nd4 21.
Qe1 Qh5 22. Nf4 Qf3+ 23. Kg1 Qxf4 24. gxf4 Nf3+ 25. Kf2 Nxe1 26. Kxe1 cxb4 27.
Kd2 Rf8 28. Ke3 Rxf5 29. Rc8+ Rf8 30. Rc7 Rf7 31. Rc8+ Rf8 32. Rc7 Re8+ 33. Kf3
a5 34. d4 Re1 35. Rc8+ Kf7 36. Rc7+ Kf8 37. Rc2 Ke8 38. f5 Kd7 39. Rg2 Re7 40.
Rg4 Kc6 41. h4 Kd5 42. h5 a4 43. h6 gxh6 44. Rg8 Kxd4 45. Rg4+ Kc3 46. Rg3 Kb2
47. Rg2+ Ka3 48. f6 Rf7 49. Ke4 Rxf6 50. Rg7 Kxa2 51. Rg2+ Ka3 52. Rg1 b3 53.
Ke5 Rg6 54. Rd1 b2 55. Rh1 Ka2 56. Rh2 Ka1 57. Rh4 a3 58. Rh1+ b1=Q 59. Rxb1+
Kxb1 60. Kd4 a2 61. Kd5 a1=Q 62. Ke4 Rg5 0-1

[Event "AUTO-OPEN-225"]
[Site "http://www.queenalice.com/game.php?id=126552"]
[Date "2006.11.7"]
[Round "3"]
[White "TLT"]
[Black "tonyalme"]
[Result "1-0"]
[WhiteElo "2089"]
[BlackElo "2233"]

1. e4 e5 2. Nf3 Nc6 3. Bb5 Nf6 4. O-O Nxe4 5. d4 Nd6 6. Bxc6 dxc6 7. dxe5 Nf5 8.
Qxd8+ Kxd8 9. Nc3 Ke8 10. h3 a5 11. a3 h6 12. Re1 Be7 13. Ne4 Be6 14. g4 Nh4 15.
Nxh4 Bxh4 16. Nc5 Ke7 17. Nxb7 h5 18. Re4 hxg4 19. hxg4 Bd5 20. Ra4 Ke8 21. Kf1
Be7 22. Ke2 c5 23. Nxa5 Rh1 24. b3 c4 25. Rb1 Bg2 26. f3 Bg5 27. Kf2 cxb3 28.
cxb3 Bh3 29. Bxg5 Rxb1 30. Rd4 Bf1 31. Rd5 Ba6 32. Rc5 Rb2+ 33. Ke3 c6 34. Ke4
Bb5 35. b4 Kd7 36. Be3 Kc7 37. Rc3 Ra2 38. f4 Rg2 39. Kf3 Rb2 40. f5 Kd7 41. Bc5
Re8 42. Re3 Rc2 43. Nb7 Bc4 44. Nd6 Rh8 45. Kf4 Rh6 46. a4 Rf2+ 47. Kg5 Rc2 48.
a5 Bd5 49. Rd3 f6+ 50. exf6 Rxf6 51. Ne4 Rh6 52. Nc3 Kc7 53. Nxd5+ cxd5 54. Rxd5
Rc6 55. Bb6+ Rxb6 56. axb6+ Kxb6 57. Rd7 Kb5 58. Rxg7 Kxb4 59. Rb7+ Ka5 60. f6
Rc5+ 61. Kg6 Rc6 62. Kg7 Ka6 63. Rb1 Ka5 64. f7 Rc7 65. Kg8 Rc8+ 66. f8=Q Rxf8+
67. Kxf8 1-0

[Event "AUTO-OPEN-254"]
[Site "http://www.queenalice.com/game.php?id=182352"]
[Date "2007.3.15"]
[Round "3"]
[White "Kaka"]
[Black "TLT"]
[Result "0-1"]
[WhiteElo "1571"]
[BlackElo "2087"]

1. e3 e5 2. Qh5 Nc6 3. Bc4 d5 4. Bb5 Bd6 5. Nf3 Nf6 6. Qg5 O-O 7. Nh4 h6 8. Qg3
e4 9. f4 exf3 10. Qxf3 Bg4 11. Qf2 Ne4 12. Qf1 Qxh4+ 13. g3 Bxg3+ 14. hxg3 Qxg3+
15. Qf2 Qxf2# 0-1

[Event "AUTO-OPEN-254"]
[Site "http://www.queenalice.com/game.php?id=182353"]
[Date "2007.3.15"]
[Round "3"]
[White "TLT"]
[Black "Kaka"]
[Result "1-0"]
[WhiteElo "2108"]
[BlackElo "1533"]

1. e4 d5 2. exd5 Qxd5 3. Nc3 Qe6+ 4. Qe2 Nc6 5. Nf3 Nf6 6. d4 Nb4 7. Qxe6 Bxe6
8. Bb5+ c6 9. Ba4 Bf5 10. Kd1 Ng4 11. a3 Nxf2+ 12. Kd2 Nxh1 13. axb4 e6 14. Ke2
Bxb4 15. Bd2 Bg4 16. Rxh1 h6 17. h3 Bf5 18. Ne5 f6 19. Nxc6 Bd6 20. Nxa7+ Ke7
21. Nab5 Bg3 22. Bb3 Rhd8 23. d5 g5 24. dxe6 Ra6 25. Nd5+ Rxd5 26. Bxd5 Bxc2 27.
Bb4+ Bd6 28. Nxd6 Ra4 29. Nf5+ Ke8 30. Ng7+ Kd8 31. e7+ Kc7 32. e8=Q Rxb4 33.
Qe7+ Kb6 34. Qxb4+ Kc7 35. Qxb7+ Kd6 36. Qc6+ Ke5 37. Ke3 Bf5 38. Qc7+ Kxd5 39.
Rd1+ Bd3 40. Rxd3# 1-0

[Event "AUTO-OPEN-254"]
[Site "http://www.queenalice.com/game.php?id=182356"]
[Date "2007.3.15"]
[Round "3"]
[White "TLT"]
[Black "aquinas"]
[Result "1-0"]
[WhiteElo "2083"]
[BlackElo "1778"]

1. e4 e5 2. d4 exd4 3. c3 dxc3 4. Bc4 cxb2 5. Bxb2 d5 6. Bxd5 Nf6 7. Bxf7+ Kxf7
8. Qxd8 Bb4+ 9. Qd2 Bxd2+ 10. Nxd2 Nc6 11. Ngf3 Bg4 12. Rb1 Rab8 13. Ne5+ Nxe5
14. Bxe5 Rhe8 15. f4 Rec8 16. Rc1 Ne8 17. f5 b5 18. h3 Bh5 19. g4 Bg6 20. fxg6+
Kxg6 21. O-O Rb6 22. Rf8 Re6 23. h4 Rxe5 24. Rc6+ Nd6 25. Rxc8 b4 26. R8xc7 Re6
27. e5 1-0

[Event "AUTO-OPEN-254"]
[Site "http://www.queenalice.com/game.php?id=182357"]
[Date "2007.3.15"]
[Round "3"]
[White "aquinas"]
[Black "TLT"]
[Result "0-1"]
[WhiteElo "1782"]
[BlackElo "2079"]

1. e4 c5 2. Nf3 d6 3. d4 cxd4 4. Nxd4 Nf6 5. Nc3 a6 6. Bg5 e6 7. f4 Nbd7 8. Bd3
Be7 9. O-O Qb6 10. Kh1 Qxd4 11. Qe2 O-O 12. Rad1 Qb4 13. e5 Qxb2 14. Ne4 dxe5
15. Nxf6+ Bxf6 16. Qh5 g6 17. Qh4 Bg7 18. fxe5 Qxe5 19. Bc4 b5 20. Be2 Qxe2 21.
Rc1 Bb7 22. Rf2 Qe4 23. Qg3 Bd4 24. Rd2 Nb6 25. Re1 Be5 26. Qxe5 Qxe5 27. Rxe5
Nc4 0-1